| 000 | 00512nam a2200181Ia 4500 | ||
|---|---|---|---|
| 001 | 7725 | ||
| 005 | 20260306160516.0 | ||
| 008 | 260306t2010||||xx |||||||||||||| ||spa|| | ||
| 041 | _aESP | ||
| 082 |
_a355.03 _bC235 |
||
| 100 |
_aCentro de Altos Estudios de la Nacionales _eAUT |
||
| 245 | 0 | _aPlaneamientos doctrinarios y metodológicos del desarrollo, la seguridad y la defensa nacional | |
| 260 | _c2010 | ||
| 300 |
_a338 páginas : _c29 cm. |
||
| 650 | _aGEN | ||
| 654 | _aCHU | ||
| 942 |
_cLIB _dJUS _fJUS _2ddc _n |
||
| 999 |
_c7725 _d7725 |
||